Statistics for Top 15 Countries with Covid-19 Deaths - 6 April 2022

Click here to take the quiz!

General Stats

  • This quiz has been taken 25 times
  • The average score is 13 of 27

Answer Stats

country% Correct
United States
96%
France
88%
Italy
88%
Russia
88%
United Kingdom
84%
India
80%
Germany
76%
Mexico
72%
Brazil
68%
Poland
56%
Argentina
52%
Colombia
52%
Iran
48%
Peru
48%
Indonesia
40%
Croatia
32%
Czechia
32%
Latvia
28%
Lithuania
28%
Romania
28%
Bosnia and
Herzegovina
24%
Bulgaria
24%
Hungary
24%
Slovakia
24%
Slovenia
24%
North Macedonia
16%
Georgia
12%

Score Distribution

Percentile by Number Answered

Percent of People with Each Score

Your Score History

You have not taken this quiz